Con đường giải mã văn học trung đại Việt Nam

Spremljeno u:
Bibliografski detalji
Glavni autor: Nguyễn, Đăng Na
Format: Knjiga
Jezik:Vietnamese
Izdano: Hà Nội Giáo Dục 2007
Teme:
Oznake: Dodaj oznaku
Bez oznaka, Budi prvi tko označuje ovaj zapis!
Thư viện lưu trữ: Trung tâm Học liệu Lê Vũ Hùng, Trường Đại học Đồng Tháp
LEADER 00788aam a22002418a 4500
001 00031024
005 20171026081025.0
008 130830s2007 ||||||viesd
020 |c 114400 
041 0 # |a vie 
082 1 4 |a 895.922 080 01  |b C429Đ 
100 1 # |a Nguyễn, Đăng Na 
245 1 0 |a Con đường giải mã văn học trung đại Việt Nam  |c Nguyễn Đăng Na 
260 # # |a Hà Nội  |b Giáo Dục  |c 2007 
300 # # |a 623 tr.  |c 24 cm. 
653 # # |a Nghiên cứu văn học 
653 # # |a Tác phẩm 
653 # # |a Văn học Việt Nam 
653 # # |a Văn học trung đại 
852 # # |b Kho đọc  |j KD.0014868 
852 # # |j KD.0014868 
910 |d 8/2013 
980 # # |a Trung tâm Học liệu Lê Vũ Hùng, Trường Đại học Đồng Tháp